Súmrak tajných služieb

Špionáž ako druhé najstaršie remeslo na svete. Od vyzvedačstva k spravodajským službám. Zlatý vek spravodajských služieb nastal po 2. svetovej vojne, v súčasnosti je nenávratne preč. Zdá sa, že v súčasnosti sa spravodajské služby nedokázali v nových podmienkach bezpečnosti vyrovnať s novými požiadav...

ver descrição completa

Na minha lista:
Detalhes bibliográficos
Autor principal: Škvrnda, František
Formato: Capítulo de Livro
Idioma:eslovaco
Assuntos:
Tags: Adicionar Tag
Sem tags, seja o primeiro a adicionar uma tag!

MARC

LEADER 00000naa a2200000 4500
001 0216471
005 20260325122920.0
041 0 |a slo 
044 |a SK 
245 1 0 |a Súmrak tajných služieb  |c František Škvrnda 
520 |a Špionáž ako druhé najstaršie remeslo na svete. Od vyzvedačstva k spravodajským službám. Zlatý vek spravodajských služieb nastal po 2. svetovej vojne, v súčasnosti je nenávratne preč. Zdá sa, že v súčasnosti sa spravodajské služby nedokázali v nových podmienkach bezpečnosti vyrovnať s novými požiadavkami a zápasia s množstvom problémov, ktoré v minulosti nepoznali. 
610 2 0 |a bezpečnosť 
610 2 0 |a bezpečnosť národná 
610 2 0 |a politika bezpečnostná 
610 2 0 |a služba štátna 
610 2 0 |a orgány bezpečnostné 
610 2 0 |a služby spravodajské 
100 1 |a Škvrnda, František